LDR 00858naa#a2200181#i#450# 001 RU\\bibl\104634 005 20260429202218.3 011 ## _a1729-9187 100 ## _a20260330b2026####ek#y0rusy0150####ca 102 ## _aRU 200 1# _aПути, механизмы и способы номинации объектов криминальной субкультуры современных магазинных воров (шоплифтеров) _eЖурнальная статья 210 1# _aУфа _cУфимский юридический институт МВД России _d2026 215 ## _a7 с. 608 ## _aЖурнальная статья _2local 675 ## _aРусский язык. 811.161.1 _z 700 #1 _aВоронина _gЛюбовь Валентиновна 700 #1 _aКутякин _gСергей Алексеевич 856 4# _avestnik-uyi.editorum.ru _u